00412 2200157 4500001002100000008004100021035002000062245004900082100002000131260002500151300002200176020002200198084001400220082000800234990001200242INLIS000000000002783 IND  a0010-0925000130 aIbu, Kasihmu Sepanjang MasacChandra Anugrah aChandra Anugrah aJakartabZettuc2013 a194c(13 x 19 cm) a978-602-7735-87-3 a813 CHA i a813 a0755005